000 00497nam a2200157 i 4500
001 46346
003 ES-MaACL
005 20230906161351.0
007 t|
008 030328s1968 sp ||||1| spa d
245 0 0 _aComunistas y Acción Militante, Unidad Sindical, Actuación Municipal, Revisionismo, Frente Popular /
_cDaniel Mothé ... [et al.].
260 _aMadrid :
_bZYX,
_c[1968]
300 _a50 p. ;
_c17 cm.
700 1 _aMothé, Daniel.
_983825
852 _aES-MaACL
_j2064-F-8
_bR.71451
999 _c46346
_d46346